Cancionero de la tonada chilena /

Cancionero de la tonada chilena es el segundo tomo de un ciclo más ambicioso denominado Lírica popular Chilena. Este trabajo estará formado por Cancionero de la cueca chilena, Cancionero de tonada chilena, Cancionero del vals chileno y Cancionero de romances chilenos.

Bibliographic Details
Main Author: Figueroa Torres, Santiago
Format: Libro
Language:Spanish
Published: Santiago Tajamar 2010
Subjects:

MARC

LEADER 00000cam a2200000 a 4500
001 019726
003 UAHC_CL
005 20170803121805.0
008 120105s2010 cl 000 spa
020 |z 9789562245856 
040 |a UAHC_CL  |c UAHC_CL  |d UAHC_CL 
082 0 4 |a 780.983  |b F475  |2 21 
100 1 |a Figueroa Torres, Santiago 
245 1 0 |a Cancionero de la tonada chilena /  |c Santiago Figueroa Torres. 
260 |b Tajamar  |a Santiago  |c 2010 
300 |a 665 p. 
520 |a Cancionero de la tonada chilena es el segundo tomo de un ciclo más ambicioso denominado Lírica popular Chilena. Este trabajo estará formado por Cancionero de la cueca chilena, Cancionero de tonada chilena, Cancionero del vals chileno y Cancionero de romances chilenos. 
650 4 |a TONADAS 
650 4 |a CANCIONES FOLKLORICAS CHILENAS 
653 |a PEDAGOGIA EN MUSICA 
653 |a LICENCIATURA EN MUSICA 
653 |a PRODUCCION MUSICAL 
900 |a 780.983 FIG 
942 |c BK 
952 |0 0  |1 0  |4 0  |6 780_983000000000000_FIG  |7 0  |8 General  |9 39521  |a BS  |b BS  |c General  |d 2017-08-03  |l 1  |o 780.983 FIG  |p 1391130  |r 2025-11-26 00:00:00  |s 2023-06-15  |t 1  |w 2017-08-03  |y BK 
952 |0 0  |1 0  |4 0  |6 780_983000000000000_FIG  |7 0  |8 General  |9 39522  |a BS  |b BS  |c General  |d 2017-08-03  |l 3  |m 4  |o 780.983 FIG  |p 1391131  |r 2025-12-03 15:54:40  |s 2025-11-26  |t 2  |w 2017-08-03  |y BK 
952 |0 0  |1 0  |4 0  |6 780_983000000000000_FIG  |7 0  |8 General  |9 39523  |a BS  |b BS  |c General  |d 2017-08-03  |l 0  |o 780.983 FIG  |p 1391132  |r 2025-11-26 00:00:00  |t 3  |w 2017-08-03  |y BK 
999 |c 19726  |d 19726